Statistics for SELECT ALL THE TOTTENHAM PLAYERS

Click here to take the quiz!

General Stats

  • This quiz has been taken 81 times
  • The average score is 15 of 16

Answer Stats

QuestionTileSelect% Correct
TOTTENHAM PLAYERSGERARD PIQUENo
100%
TOTTENHAM PLAYERSLEROY SANENo
100%
TOTTENHAM PLAYERSLIONEL MESSINo
100%
TOTTENHAM PLAYERSOLIVER GIROUDNo
100%
TOTTENHAM PLAYERSDE BRUYNENo
99%
TOTTENHAM PLAYERSDELE ALLIYes
99%
TOTTENHAM PLAYERSHARRY KANEYes
99%
TOTTENHAM PLAYERSN'GOLO KANTENo
99%
TOTTENHAM PLAYERSPAULO DYBALANo
99%
TOTTENHAM PLAYERSPAUL POGBANo
99%
TOTTENHAM PLAYERSERIC DIERYes
96%
TOTTENHAM PLAYERSLUCAS MOURAYes
95%
TOTTENHAM PLAYERSMATT DOHERTYYes
91%
TOTTENHAM PLAYERSHUGO LLOIRSYes
89%
TOTTENHAM PLAYERSJOE RODONYes
78%
TOTTENHAM PLAYERSLUKA MORDICNo
54%

Score Distribution

Percentile by Number Answered

Percent of People with Each Score

Your Score History

You have not taken this quiz